Исследование помехоустойчивости фазочастотного модифицированного алгоритма прослеживания сейсмических сигналов; Информационные технологии в науке, управлении, социальной сфере и медицине; Ч. 1

Detalles Bibliográficos
Parent link:Информационные технологии в науке, управлении, социальной сфере и медицине: сборник научных трудов Международной конференции с международным участием , 29 апреля - 2 мая 2014 г., Томск/ Национальный исследовательский Томский политехнический университет (ТПУ).— , 2014
Ч. 1.— 2014.— [С. 21-23]
Autor principal: Нгуен Суан Хунг
Autor Corporativo: Национальный исследовательский Томский политехнический университет (ТПУ) Институт кибернетики (ИК) Кафедра прикладной математики (ПМ)
Otros Autores: Иванченков В. П. Виктор Павлович, Кочегуров А. И. Александр Иванович
Sumario:Заглавие с титульного экрана
This work shows the research results of immunity of phase-frequency modified algorithm of following seismic signals. The comparative analysis of efficiency of phase-frequency modified algorithm using two different phase-transforming functions was obtained.
Lenguaje:ruso
Publicado: 2014
Colección:Моделирование в научных исследованиях
Materias:
Acceso en línea:http://www.lib.tpu.ru/fulltext/c/2014/C24/V1/003.pdf
Formato: Electrónico Capítulo de libro
KOHA link:https://koha.lib.tpu.ru/cgi-bin/koha/opac-detail.pl?biblionumber=607730

MARC

LEADER 00000naa2a2200000 4500
001 607730
005 20260312135914.0
035 |a (RuTPU)RU\TPU\conf\5136 
035 |a RU\TPU\conf\4275 
090 |a 607730 
100 |a 20140829d2014 k y0rusy50 ca 
101 0 |a rus 
102 |a RU 
135 |a drnn ---uucaa 
181 0 |a i  
182 0 |a b 
200 1 |a Исследование помехоустойчивости фазочастотного модифицированного алгоритма прослеживания сейсмических сигналов  |f Нгуен Суан Хунг, В. П. Иванченков, А. И. Кочегуров  |d Research of immunity of phase-frequency modified algorithm of following seismic signals 
203 |a Текст  |c электронный 
225 1 |a Моделирование в научных исследованиях 
300 |a Заглавие с титульного экрана 
320 |a [Библиогр.: с. 23 (2 назв.)] 
330 |a This work shows the research results of immunity of phase-frequency modified algorithm of following seismic signals. The comparative analysis of efficiency of phase-frequency modified algorithm using two different phase-transforming functions was obtained. 
337 |a Adobe Reader 
461 1 |0 (RuTPU)RU\TPU\conf\4263  |t Информационные технологии в науке, управлении, социальной сфере и медицине  |o сборник научных трудов Международной конференции с международным участием , 29 апреля - 2 мая 2014 г., Томск  |o в 2 ч.  |f Национальный исследовательский Томский политехнический университет (ТПУ)   |d 2014 
463 1 |0 (RuTPU)RU\TPU\conf\5084  |t Ч. 1  |v [С. 21-23]  |d 2014 
510 1 |a Research of immunity of phase-frequency modified algorithm of following seismic signals  |z eng 
610 1 |a труды учёных ТПУ 
610 1 |a электронный ресурс 
610 1 |a помехоустойчивость 
610 1 |a фазочастотные алгоритмы 
610 1 |a модифицированные алгоритмы 
610 1 |a прослеживание 
610 1 |a сейсмические сигналы 
700 0 |a Нгуен Суан Хунг  |c вьетнамский специалист в области информатики и вычислительной техники  |c ассистент кафедры Томского политехнического университета  |3 (RuTPU)RU\TPU\pers\35372 
701 1 |a Иванченков  |b В. П.  |c специалист в области информатики и вычислительной техники, геофизик  |c доцент Томского политехнического университета, кандидат технических наук  |f 1939-  |g Виктор Павлович  |3 (RuTPU)RU\TPU\pers\25396 
701 1 |a Кочегуров  |b А. И.  |c специалист в области информатики и вычислительной техники  |c доцент Томского политехнического университета, кандидат технических наук  |f 1954-  |g Александр Иванович  |3 (RuTPU)RU\TPU\pers\25544  |9 11474 
712 0 2 |a Национальный исследовательский Томский политехнический университет (ТПУ)  |b Институт кибернетики (ИК)  |b Кафедра прикладной математики (ПМ)  |3 (RuTPU)RU\TPU\col\18700 
801 2 |a RU  |b 63413507  |c 20160727  |g RCR 
856 4 |u http://www.lib.tpu.ru/fulltext/c/2014/C24/V1/003.pdf 
942 |c BK